Mental models and human-computer interaction 1
Saved in:
| Corporate Author: | |
|---|---|
| Other Authors: | , |
| Format: | Book |
| Language: | English |
| Published: |
Amsterdam :
North-Holland,
1990
|
| Series: | Human factors in information technology ;
; 3 |
| Subjects: | |
| Tags: |
Add Tag
No Tags, Be the first to tag this record!
|
MARC
| LEADER | 00000nam a2200000 i 4500 | ||
|---|---|---|---|
| 001 | 1/82936 | ||
| 008 | 990527s1990 eng d | ||
| 020 | |a 044488453X | ||
| 035 | |l 10051215 | ||
| 040 | |a GR-MY-UA |b gre |e aacr | ||
| 041 | 0 | |a eng | |
| 082 | 0 | |a 004.019 | |
| 245 | 1 | 0 | |a Mental models and human-computer interaction 1 / |c edited by D. Ackermann ; M.J. Tauber ; Interdisciplinary workshop in informatics and psychology |
| 260 | |a Amsterdam : |b North-Holland, |c 1990 | ||
| 300 | |a xv, 387 p. | ||
| 490 | 1 | |a Human factors in information technology |v ; 3 | |
| 504 | |a Includes bibliographical references and index | ||
| 650 | 0 | 0 | |a Human-computer interaction |x Congresses. |
| 700 | 1 | |a Ackermann, D. |q (David) |4 edt | |
| 700 | 1 | |a Tauber, Michael J. |4 edt | |
| 710 | 1 | |a Interdisciplinary Workshop in Informatics and Psychology. | |
| 830 | 0 | |a Human factors in information technology ; |v ; 3 | |
| 852 | |a INST |b CHIOS |e 19990527 |h 004.019 MEN |p 005200004103 |q 005200004103 |t BK |y 0 | ||
| 901 | |a BIBL2-1999-2 | ||
| 909 | |a Χ |b 021743 | ||
| 922 | |a 2ΕΛΗ |b 199112 |c ΛΑΙΟΣ | ||